Words and Numbers Made From "Quizzer6794" - Statistics

General Stats
  • This quiz has been taken 83 times
    67 since last reset
  • The average score is 49 of 73
Answer Stats
Answer % Correct
7
95%
9
95%
6
93%
4
91%
76
89%
Quiz
89%
67
88%
94
88%
47
84%
64
84%
69
84%
97
84%
49
82%
74
82%
79
82%
96
82%
46
81%
679
81%
647
77%
674
77%
476
75%
479
75%
497
74%
649
74%
467
72%
496
72%
694
72%
469
70%
4976
70%
697
70%
974
70%
976
70%
764
68%
769
68%
794
68%
6794
67%
746
67%
749
65%
796
65%
6749
63%
946
63%
967
63%
9764
63%
4679
61%
4769
61%
6974
61%
947
61%
964
61%
4697
60%
4967
60%
6947
60%
9476
60%
6497
58%
7694
58%
7946
58%
9467
58%
9674
58%
9746
58%
4796
56%
6479
56%
7469
56%
7496
56%
7649
56%
9647
56%
7964
51%
Quizzer
49%
I
47%
Re
40%
Er
39%
Ire
30%
Quire
26%
Qi
23%
Rue
23%
No matching quizzes found
Score Distribution
Percent of People with Each Score
Percentile by Number Answered
Your Score History
You have not taken this quiz since the last reset